000 00767nam a2200193Ia 4500
003 GCL
008 140319s9999 xx 000 0 ara d
040 _aGCL /
_cGCL
082 0 4 _a953.066
_bم ح
100 1 _aمحمد حسين شندب
245 1 0 _aالحضارة الاسلامية فى بغداد فى النصف الثانى من القرن الخامس الهجرى ( 467 - 512 ه ) /
_cمحمد حسين شندب
300 _a248 ص
490 _aالهيئة العامة للاستعلامات
_v0
650 0 4 _aالتاريخ الاسلامى
650 0 4 _aالدولة السلجوقية
650 0 4 _aالدولة العباسية الثالثة
650 0 4 _aالعراق - تاريخ - العصر الاسلامى 640-1917 م
942 _2ddc
_cBK
999 _c48975
_d48975